| 000 | 00481nam a2200193 a 4500 | ||
|---|---|---|---|
| 005 | 20140414132015.0 | ||
| 008 | 040128s19uu xx 00 eng d | ||
| 020 | _a1-57064-023-8 | ||
| 050 |
_aTR _bB11P 1994 |
||
| 100 | _aWhite, Stephen | ||
| 245 |
_aBarney says, "Please and thank you" / _cStephen White. |
||
| 260 |
_aU.S.A : _bScholastic, _c1994. |
||
| 300 | _ap. ; cm. | ||
| 999 |
_c113352 _d113352 |
||